[Event "Ljubljana-chT 74th"]
[Site "Ljubljana"]
[Date "2022.01.20"]
[Round "2.3"]
[White "Jemec, Viktor"]
[Black "Markic, Vladimir"]
[Result "1/2-1/2"]
[WhiteElo "1606"]
[BlackElo "1607"]
[PlyCount "34"]
[EventDate "2022.01.13"]
[EventType "team-swiss"]
[EventRounds "9"]
[EventCountry "SLO"]
[SourceTitle "EXT 2024"]
[Source "ChessBase"]
[SourceDate "2023.10.10"]
[SourceVersion "1"]
[SourceVersionDate "2023.10.10"]
[SourceQuality "1"]
[WhiteTeam "Crni Graben"]
[BlackTeam "Trzin Pecos Pub"]
[WhiteTeamCountry "SLO"]
[BlackTeamCountry "SLO"]

1. e4 d5 2. exd5 Qxd5 3. Nc3 Qd8 4. d4 Nf6 5. Bg5 e6 6. a3 Be7 7. Nf3 0-0 8. Bc4 b6 9. Qd3 Bb7 10. 0-0-0 Nbd7 11. h3 c6 12. Ne5 Nd5 13. Bxe7 Qxe7 14. Nxd7 Qxd7 15. Nxd5 exd5 16. Ba6 b5 17. Bxb7 Qxb7 1/2-1/2

[Event "Ljubljana-chT 73rd"]
[Site "Ljubljana"]
[Date "2020.02.06"]
[Round "3.4"]
[White "Kovacic, Bojan"]
[Black "Jemec, Viktor"]
[Result "0-1"]
[WhiteElo "1513"]
[BlackElo "1850"]
[PlyCount "86"]
[EventDate "2020.01.16"]
[EventType "team-swiss"]
[EventRounds "6"]
[EventCountry "SLO"]
[SourceTitle "EXT 2024"]
[Source "ChessBase"]
[SourceDate "2023.10.10"]
[SourceVersion "1"]
[SourceVersionDate "2023.10.10"]
[SourceQuality "1"]
[WhiteTeam "Menges Trzin"]
[BlackTeam "Crni Graben"]
[WhiteTeamCountry "SLO"]
[BlackTeamCountry "SLO"]

1. e4 c5 2. Nf3 d6 3. a3 Nf6 4. d3 Nc6 5. c3 Bg4 6. h3 Bh5 7. g4 Bg6 8. Be2 e6 9. Bg5 Be7 10. Bxf6 Bxf6 11. h4 h6 12. h5 Bh7 13. Qb3 Rb8 14. Nbd2 b5 15. Qc2 a5 16. b4 axb4 17. axb4 Nxb4 18. Qb3 Nc6 19. Ra6 Qc7 20. d4 Qb7 21. Ra1 cxd4 22. cxd4 Nxd4 23. Nxd4 Bxd4 24. Rc1 0-0 25. f3 Qb6 26. Rf1 Rfd8 27. Bd3 Be3 28. Ke2 Bf4 29. Bb1 d5 30. Rcd1 b4 31. exd5 Qb5+ 32. Kf2 Rxd5 33. Bxh7+ Kxh7 34. Ne4 Rbd8 35. Rxd5 exd5 36. Nc3 Qc5+ 37. Kg2 bxc3 38. Qc2+ Kg8 39. Qf5 Qe3 40. Rf2 d4 41. Qa5 Re8 42. Qb5 d3 43. Kf1 c2 0-1

[Event "GER AM02-B email"]
[Site "GER email"]
[Date "2016.06.26"]
[Round "?"]
[White "Jemec, Viktor"]
[Black "Horvat, Milan"]
[Result "1/2-1/2"]
[WhiteElo "2432"]
[BlackElo "2463"]
[PlyCount "51"]
[EventDate "2016.??.??"]
[EventType "tourn (corr)"]
[EventRounds "14"]
[EventCountry "GER"]
[SourceTitle "Corr 2017"]
[Source "ChessBase"]
[SourceDate "2017.09.19"]
[SourceVersion "1"]
[SourceVersionDate "2017.09.19"]
[SourceQuality "1"]

1. e4 c5 2. Nc3 Nc6 3. Bb5 Nd4 4. Bc4 e6 5. Nge2 Nf6 6. 0-0 a6 7. a4 d5 8. exd5 exd5 9. Ba2 Bd6 10. d3 0-0 11. Nxd4 cxd4 12. Ne2 Bg4 13. h3 Bxe2 14. Qxe2 Re8 15. Qf3 Re5 16. Bd2 Qd7 17. Rae1 Qxa4 18. Bb3 Qd7 19. Rxe5 Bxe5 20. Bg5 Re8 21. Bxf6 Bxf6 22. Bxd5 Re7 23. Ra1 h5 24. h4 Bxh4 25. Qxh5 Bf6 26. Qf3 1/2-1/2

[Event "GER AM02-B email"]
[Site "GER email"]
[Date "2016.06.26"]
[Round "?"]
[White "Jemec, Viktor"]
[Black "Kraft, Dieter"]
[Result "1/2-1/2"]
[WhiteElo "2432"]
[BlackElo "2467"]
[PlyCount "64"]
[EventDate "2016.??.??"]
[EventType "tourn (corr)"]
[EventRounds "14"]
[EventCountry "GER"]
[SourceTitle "Corr 2017"]
[Source "ChessBase"]
[SourceDate "2017.09.19"]
[SourceVersion "1"]
[SourceVersionDate "2017.09.19"]
[SourceQuality "1"]

1. e4 c5 2. Nc3 Nc6 3. Bb5 Nd4 4. Bc4 e6 5. Nge2 Nf6 6. 0-0 a6 7. a4 d5 8. exd5 exd5 9. Ba2 Bd6 10. d3 Ne6 11. Kh1 Bb8 12. f4 0-0 13. f5 Qd6 14. Ng3 Nd4 15. Bf4 Qd8 16. Bxb8 Rxb8 17. Nh5 Nxf5 18. Nxf6+ Qxf6 19. Nxd5 Qd6 20. Qe1 Kh8 21. Nc3 Bd7 22. Ne4 Qh6 23. Qc1 Qc6 24. Ng5 Qf6 25. Qf4 Rbe8 26. c3 h6 27. Ne4 Qc6 28. a5 f6 29. b4 cxb4 30. cxb4 Qc8 31. Rac1 Qd8 32. Rc5 Nd4 1/2-1/2

[Event "GER AM02-B email"]
[Site "GER email"]
[Date "2016.06.26"]
[Round "?"]
[White "Tarrio Ocana, Francisco Javier"]
[Black "Jemec, Viktor"]
[Result "1/2-1/2"]
[WhiteElo "2419"]
[BlackElo "2432"]
[PlyCount "49"]
[EventDate "2016.??.??"]
[EventType "tourn (corr)"]
[EventRounds "14"]
[EventCountry "GER"]
[SourceTitle "Corr 2017"]
[Source "ChessBase"]
[SourceDate "2017.09.19"]
[SourceVersion "1"]
[SourceVersionDate "2017.09.19"]
[SourceQuality "1"]

1. e4 c5 2. Nf3 Nc6 3. Nc3 e5 4. Bc4 g6 5. d3 h6 6. a3 d6 7. b4 Bg7 8. Nd5 Nge7 9. Rb1 Nxd5 10. Bxd5 Ne7 11. Bb3 0-0 12. 0-0 b6 13. Bd2 Qc7 14. a4 Rb8 15. Re1 Bb7 16. a5 d5 17. bxc5 bxc5 18. Qc1 Kh7 19. Qa3 Ba8 20. exd5 Nxd5 21. Bxd5 Bxd5 22. Be3 Rbc8 23. Rb5 a6 24. Rb6 f5 25. Bc1 1/2-1/2